| 000 | 01213cam a2200325 a 4500 | ||
|---|---|---|---|
| 999 |
_c116130 _d116130 |
||
| 001 | 12763693 | ||
| 003 | OSt | ||
| 005 | 20200611165449.0 | ||
| 008 | 020503s2002 ncu b 001 0 eng | ||
| 010 | _a 2002006794 | ||
| 020 | _a0822329751 (cloth : alk. paper) | ||
| 020 | _a0822329689 (pbk. : alk. paper) | ||
| 040 |
_aDLC _cDLC _dDLC |
||
| 043 | _an-us--- | ||
| 050 | 0 | 0 |
_aKF380 _b.L44 2002 |
| 082 | 0 | 0 |
_a340.1 JAN _221 |
| 245 | 0 | 0 |
_aLeft legalism/left critique / _cedited by Wendy Brown and Janet Halley. |
| 260 |
_aDurham : _bDuke University Press, _c2003 |
||
| 300 |
_aviii, 447 p. ; _c25 cm. |
||
| 504 | _aIncludes bibliographical references and index. | ||
| 650 | 0 |
_aLaw _zUnited States _xPhilosophy. |
|
| 650 | 0 |
_aNew Left _zUnited States. |
|
| 650 | 0 | _aCritical legal studies. | |
| 700 | 1 |
_aBrown, Wendy, _d1955- |
|
| 700 | 1 |
_aHalley, Janet E., _d1952- |
|
| 856 | 4 | 1 |
_3Table of contents _uhttp://www.loc.gov/catdir/toc/fy035/2002006794.html |
| 906 |
_a7 _bcbc _corignew _d1 _eecip _f20 _gy-gencatlg |
||
| 942 |
_2ddc _cIR |
||